000 00560nam a22001937a 4500
003 CEME
005 20210628202928.0
008 200304b xxu||||| |||| 00| 0 eng d
020 _a81-7808-644-1
040 _cNUST
082 _a620.00151535 CHA
100 _aChandrupatla, Tirupathi R, Belegundu, Ashok D
_962360
245 _aIntroduction to finite elements in engineering
250 _a3RD
260 _aNEW DELHI
_bPEARSON EDUCATION
_c2005
300 _aXIV,476 P
_eCD-ROM
650 _aFINITE ELEMENTS IN ENGINEERING.FEM.
_962361
942 _cBK
_2ddc
999 _c571491
_d571491